| Tag |
First Indicator |
Second Indicator |
Subfields |
| LEADER |
00000cam a2200000 a 4500 |
| 001 |
in00000884921 |
| 005 |
20150923144131.0 |
| 008 |
821112s1696 miu a 00010 eng d |
| 035 |
|
|
|a (OCoLC)08951761
|
| 035 |
|
|
|9 AEL6705AM
|
| 037 |
|
|
|a CL0037000043
|b University Microfilms International
|
| 037 |
|
|
|b University Microfilms International, 300 N. Zeeb Rd., Ann Arbor, MI 48106
|
| 040 |
|
|
|a UMI
|c UMI
|d m/c
|d UtOrBLW
|
| 045 |
|
|
|a u-u-
|
| 049 |
|
|
|a TXAI
|
| 090 |
|
|
|a BV4270
|b .H38
|
| 099 |
|
|
|a film
|a B
|a 3609
|
| 100 |
1 |
|
|a Hayley, William,
|d 1657-1715.
|
| 245 |
1 |
2 |
|a A sermon preach'd before the Honourable House of Commons at St. Margarets Westminster, upon December the 11th, 1695 :
|b being the solemn day of fasting and humiliation for imploring the blessing of Almighty God upon the consultations of this present Parliament /
|c by William Hayley.
|
| 264 |
|
3 |
|a London :
|b Printed for Jacob Tonson,
|c 1696.
|
| 300 |
|
|
|a 28 pages
|
| 336 |
|
|
|a text
|b txt
|2 rdacontent
|
| 337 |
|
|
|a microform
|b h
|2 rdamedia
|
| 338 |
|
|
|a microfilm reel
|b hd
|2 rdacarrier
|
| 500 |
|
|
|a Reproduction of original in the Union Theological Seminary Library, New York.
|
| 510 |
4 |
|
|a Wing
|c H1211.
|
| 533 |
|
|
|a Microfilm.
|b Ann Arbor, Mich. :
|c University Microfilms International,
|d 1982.
|e 1 microfilm reel ; 35 mm.
|f (Early English books, 1641-1700 ; 1286:22)
|
| 500 |
|
|
|a Microform.
|
| 650 |
|
0 |
|a Fast-day sermons.
|
| 650 |
|
0 |
|a Sermons, English
|y 17th century.
|
| 830 |
|
0 |
|a Early English books, 1641-1700 ;
|v 1286:22.
|
| 999 |
|
|
|a MARS
|
| 999 |
f |
f |
|s b9475f36-4932-37a2-97c0-0652f9fdc581
|i c9393409-1379-30ce-a87e-706c53ecb43d
|t 0
|
| 952 |
f |
f |
|p default
|a Texas A&M University
|b College Station
|c Sterling C. Evans Library
|d Evans: Microforms (3rd floor)
|t 0
|e film B 3609 1286:22
|h Other scheme
|i microform -- microfilm reel
|
| 998 |
f |
f |
|a film B 3609 1286:22
|t 0
|l Evans: Microforms (3rd floor)
|